| 000 | 00446nam a2200181Ia 4500 | ||
|---|---|---|---|
| 005 | 20220929131840.0 | ||
| 008 | 131103s9999 xx 000 0 und d | ||
| 040 | _aLoreto College | ||
| 041 | _aEnglish | ||
| 082 |
_a821.7 _bBYR-QUE |
||
| 100 | _aQuennell, Peter | ||
| 245 |
_aByron in Italy _cPeter Quennell |
||
| 260 |
_aCanada _bPenguin books _c1955 |
||
| 300 | _a240p. | ||
| 650 | _aEnglish literature | ||
| 850 | _aLCLIB | ||
| 942 | _cBK | ||
| 999 |
_c21406 _d71885 |
||